Environment and wildlife: the parisar annual lecture 1992 (Record no. 597838)

MARC details
000 -LEADER
fixed length control field 00468nam a2200145Ia 4500
008 - FIXED-LENGTH DATA ELEMENTS--GENERAL INFORMATION
fixed length control field 100415s9999 xx 000 0 und d
082 ## - DEWEY DECIMAL CLASSIFICATION NUMBER
Item number 14940
Classification number 574.52
100 ## - MAIN ENTRY--PERSONAL NAME
Personal name Sahgal Bittu
245 ## - TITLE STATEMENT
Title Environment and wildlife: the parisar annual lecture 1992
260 ## - PUBLICATION, DISTRIBUTION, ETC. (IMPRINT)
Place of publication, distribution, etc PUNE
Date of publication, distribution, etc 1992
Name of publisher, distributor, etc PARISAR
365 ## - TRADE PRICE
Price amount 25
630 ## - SUBJECT ADDED ENTRY--UNIFORM TITLE
Uniform title Environment and wildlife: the parisar annual lecture 1992
730 ## - ADDED ENTRY--UNIFORM TITLE
Uniform title Environment and wildlife: the parisar annual lecture 1992
942 ## - ADDED ENTRY ELEMENTS (KOHA)
Koha item type Book
Holdings
Withdrawn status Lost status Damaged status Not for loan Home library Current library Date acquired Cost, normal purchase price Total Checkouts Full call number Barcode Date last seen Price effective from Koha item type
        Bombay Natural History Society Bombay Natural History Society 11/15/1995 25.00   574.52 14940 BNHS-14940 04/15/2010 04/15/2010 Book